Normal view
MARC view
Entry Topical Term
001 - CONTROL NUMBER
- control field: 3973
003 - CONTROL NUMBER IDENTIFIER
- control field: BD-RjUL
005 - DATE AND TIME OF LATEST TRANSACTION
- control field: 20220630154449.0
008 - FIXED-LENGTH DATA ELEMENTS
- fixed length control field: 220630|| aca||aabn | a|a d
040 ## - CATALOGING SOURCE
- Original cataloging agency: BD-RjUL
- Transcribing agency: BD-RjUL
150 ## - HEADING--TOPICAL TERM
- Geographic subdivision: Arabs -- France
- Form subdivision: History
670 ## - SOURCE DATA FOUND
- Source citation: Work cat.: (BD-RjUL)80071: [Arslan, Amir Shakib] أرسلان،، أمير شكيب 1869-1946 3971, تاريخ غزوات العرب في فرنسا وسوسرا وايطاليا وجزائر البحر المتوسط[Tārīkh ghazawāt al-ʻArab fī Faransā wa-Sūwisrā wa-Īṭālīyā wa-jazāʼir al-baḥr al-mutawassiṭ ] / أعضاء المجمع العلمي العربي بدمشق وفقه الله لما يرضاه.